| Tag |
First Indicator |
Second Indicator |
Subfields |
| LEADER |
00000cam a2200000 a 4500 |
| 001 |
in00000082953 |
| 005 |
20151008054301.0 |
| 008 |
791207s1881 enk 00010 eng d |
| 035 |
|
|
|a (OCoLC)05774069
|
| 035 |
|
|
|9 AAJ0196AM
|
| 040 |
|
|
|a HDC
|c HDC
|d TXA
|d UtOrBLW
|
| 049 |
|
|
|a TXAM
|c [1387156]
|
| 090 |
|
|
|a B111
|b .M45 1885
|
| 100 |
1 |
|
|a Mayor, Joseph B.
|q (Joseph Bickersteth),
|d 1828-1916.
|
| 245 |
1 |
2 |
|a A sketch of ancient philosophy from Thales to Cicero /
|c by Joseph B. Mayor.
|
| 264 |
|
1 |
|a Cambridge :
|b University Press,
|c [1881]
|
| 264 |
|
3 |
|c 1885 printing
|
| 300 |
|
|
|a xv, 254 pages ;
|c 17 cm.
|
| 336 |
|
|
|a text
|b txt
|2 rdacontent
|
| 337 |
|
|
|a unmediated
|b n
|2 rdamedia
|
| 338 |
|
|
|a volume
|b nc
|2 rdacarrier
|
| 500 |
|
|
|a Spine title: Ancient philosophy.
|
| 650 |
|
0 |
|a Philosophy, Ancient.
|
| 740 |
0 |
|
|a Ancient philosophy.
|
| 999 |
|
|
|a MARS
|
| 999 |
f |
f |
|s c8145fa8-f148-3a30-b04e-fdd8b4be6ef8
|i 60cba2b9-d2c2-3435-9973-7c30d0027b57
|t 0
|
| 952 |
f |
f |
|p normal
|a Texas A&M University
|b College Station
|c Sterling C. Evans Library
|d Evans: Library Stacks
|t 0
|e B111 .M45 1885
|h Library of Congress classification
|i unmediated -- volume
|m A14806075995
|
| 998 |
f |
f |
|a B111 .M45 1885
|t 0
|l Evans: Library Stacks
|